Państwa graniczące z Chorwacją - Statystyki

Ogólne statystyki
  • Ten quiz został rozwiązany 28 razy
  • Średni wynik to 5 z 5
Statystyki odpowiedzi
odpowiedź % Poprawnych
Serbia
100%
Bośnia i Hercegowina
96%
Słowenia
96%
Czarnogóra
88%
Węgry
81%
Nie znaleziono quizów pasujących do podanych kryteriów
Rozkład punktacji
Procent ludzi z każdym wynikiem
Percentyl według liczby udzielonych odpowiedzi
Twoja historia wyników
Nie rozwiązałeś tego quizu